000 00318nam a2200145Ia 4500
008 230917s9999||||xx |||||||||||||| ||und||
020 _cRS7.5
040 _e151632
_aMAIN
041 _aEnglish
082 _a891.2109 S23A
100 _aShastri, Ganesh
245 0 _aArthalankar
300 _a144p p.
942 _cBK
999 _c197524
_d197524